Państwa świata kończące się na literę „O” - Statystyki

Ogólne statystyki
  • Ten quiz został rozwiązany 498 razy
  • Średni wynik to 5 z 9
Statystyki odpowiedzi
Państwo % Poprawnych
Monako
74%
Maroko
73%
Togo
69%
Kongo
62%
Lesotho
61%
Kosowo
57%
San Marino
51%
Trynidad i Tobago
45%
Burkina Faso
36%
Nie znaleziono quizów pasujących do podanych kryteriów
Rozkład punktacji
Procent ludzi z każdym wynikiem
Percentyl według liczby udzielonych odpowiedzi
Twoja historia wyników
Nie rozwiązałeś tego quizu